Acerca de un maestro: Gino Germani, fundador de la sociología en Argentina /
En este artículo se sintetiza y destaca la labor de Gino Germani en la sociología argentina, aportando aspectos de su vida académica e intelectual.
Guardado en:
| Hovedforfatter: | |
|---|---|
| Format: | Texto |
| Fag: | |
| Online adgang: | izagui@mail.retina.ar |
| Tags: |
Tilføj Tag
Ingen Tags, Vær først til at tagge denne postø!
|
MARC
| LEADER | 00000 a a2200000 04500 | ||
|---|---|---|---|
| 001 | 40381 | ||
| 003 | |||
| 040 | |||
| 100 | |a Izaguirre, Inés | ||
| 245 | |a Acerca de un maestro: |b Gino Germani, fundador de la sociología en Argentina / |c Inés Izaguirre | ||
| 520 | |a En este artículo se sintetiza y destaca la labor de Gino Germani en la sociología argentina, aportando aspectos de su vida académica e intelectual. | ||
| 590 | |a SJB/JULIO2011 | ||
| 650 | |a BIOGRAFIAS | ||
| 650 | |a SOCIOLOGIA | ||
| 650 | |a ETICA | ||
| 650 | |a 4ARGENTINA | ||
| 773 | |g volumen7, número14 (2005), páginas 492-503 | ||
| 856 | |u izagui@mail.retina.ar | ||
| 999 | |c 25133 |d 25133 | ||
